|
|
|
|
| LEADER |
00000nab a2200000 ar4500 |
| 001 |
vtls009475860 |
| 003 |
SK-MaSNL |
| 005 |
20260303165752.0 |
| 008 |
090223c2009 xo wr|p|||||||000 b|slo |
| 038 |
|
|
|a PPPK
|
| 040 |
|
|
|a PPPKCL
|b slo
|c PPPKCL
|e AACR2
|
| 041 |
0 |
|
|a slo
|
| 044 |
|
|
|a xo
|c SK
|
| 080 |
|
|
|a 77.039
|2 2001
|
| 080 |
|
|
|a 730.027.1
|x (084.12)
|2 2001
|
| 080 |
|
|
|a 7.074
|2 2001
|
| 245 |
0 |
0 |
|a Ad: To bývalo krásne privítanie
|c [autor] (a)
|
| 500 |
|
|
|a Ohlas historika umenia Mgr. Maroša Semančíka na článok v prílohe PN č. 41, Ozveny Č. 7 (2008), s. II
|
| 600 |
1 |
7 |
|a Simkanič, Ján,
|d 1953-
|2 SNKMA
|9 613919
|
| 650 |
0 |
7 |
|a historické pohľadnice
|2 SNKPH
|9 3162
|
| 650 |
0 |
7 |
|a sochy
|2 SNKPH
|9 29846
|
| 650 |
0 |
7 |
|a fotografické zobrazenia
|2 SNKPH
|9 1192335
|
| 650 |
0 |
7 |
|a zberateľstvo
|2 SNKPH
|9 2899
|
| 650 |
0 |
7 |
|a zberatelia
|2 SNKPH
|9 30163
|
| 651 |
|
7 |
|a Starý Smokovec (Vysoké Tatry, Slovensko)
|2 SNKPHgeo
|9 160864
|
| 651 |
|
7 |
|a Poprad (Slovensko : okres)
|2 SNKPHgeo
|9 28675
|
| 773 |
0 |
|
|t Podtatranské noviny
|g Roč. IL, č. 46 (2008)
|
| 773 |
0 |
8 |
|i Príl.:
|t Ozveny.
|g Č. 8 (2) (2008), s. IV
|
| 852 |
|
|
|a PPPK
|b KIS3GCP
|
| 999 |
|
|
|c 2073588
|d 2075518
|